[Event "5. Bamberg Open B"]
[Site "Bamberg"]
[Date "2023.07.29"]
[Round "6"]
[Board "15"]
[White "Schulze, Tim"]
[Black "Riesterer, Michael"]
[Result "1-0"]
[WhiteElo "1695"]
[BlackElo "1549"]
[PlyCount "95"]
[EventDate "2023.07.26"]
[EventRounds "7"]
[EventCountry "GER"]

1. e4 e6 2. d4 c5 3. c3 d5 4. exd5 Qxd5 5. Nf3 Nc6 6. Na3 a6 7. Nc2 cxd4 8. Ncxd4
Nxd4 9. Qxd4 Qxd4 10. Nxd4 e5 11. Nf3 f6 12. g3 Bg4 13. Bg2 O-O-O 14. Be3 Bd6 15.
Nd2 f5 16. Nc4 Bc7 17. Bb6 Nf6 18. Bxc7 Kxc7 19. Ne3 f4 20. Nxg4 Nxg4 21. h3 Nxf2
22. Kxf2 Rd2+ 23. Kg1 fxg3 24. Rf1 Rxb2 25. Rf7+ Kc8 26. Rxg7 Rf8 27. Rxg3 Rxa2 28.
Kh2 Rff2 29. Re1 Rfe2 30. Rg8+ Kc7 31. Rg7+ Kd6 32. Rxe2 Rxe2 33. Rxb7 Kc5 34. Rc7+
Kb6 35. Rxh7 Rc2 36. Rb7+ Kc5 37. h4 e4 38. Re7 Kd5 39. h5 Rxc3 40. Rxe4 Kd6 41.
Ra4 Rc5 42. Bf3 a5 43. Kg3 Ke5 44. Rf4 Rc7 45. h6 Rh7 46. Rh4 Kf6 47. Be4 Rh8 48.
h7  1-0

[Event "5. Bamberg Open B"]
[Site "Bamberg"]
[Date "2023.07.30"]
[Round "7"]
[Board "1"]
[White "Ronsin, Corentin"]
[Black "Grining, Maria"]
[Result "1-0"]
[WhiteElo "1562"]
[BlackElo "1753"]
[PlyCount "120"]
[EventDate "2023.07.26"]
[EventRounds "7"]
[EventCountry "GER"]

1. d4 d5 2. c4 e6 3. Nc3 Nf6 4. cxd5 exd5 5. Bg5 c6 6. e3 Bd6 7. Bd3 O-O 8. Qc2 h6
9. Bh4 Re8 10. Bg3 b6 11. Nf3 Ba6 12. Bxa6 Nxa6 13. O-O Bxg3 14. hxg3 Nc7 15. Ne2
Re6 16. Rac1 Rc8 17. Qa4 Nb5 18. Ne5 Rxe5 19. dxe5 Ne4 20. Nd4 Nc5 21. Qd1 Nxd4 22.
exd4 Ne4 23. Qd3 c5 24. dxc5 Rxc5 25. Rxc5 Nxc5 26. Qc2 d4 27. Rd1 d3 28. Qc4 a5
29. Qb5 Qb8 30. f4 Qd8 31. Kh2 Qb8 32. Qc6 Qd8 33. b3 Qb8 34. Qd5 Qc8 35. a3 Qf5
36. Qf3 Nxb3 37. Rxd3 Nc5 38. Rd6 Qb1 39. f5 Ne4 40. Rd1 Qc2 41. Qd3 Qa4 42. Rf1
Nc5 43. Qe3 Qg4 44. Rf4 Qh5+ 45. Kg1 Qd1+ 46. Rf1 Qd5 47. Re1 Qd3 48. Qxd3 Nxd3 49.
Rb1 Nxe5 50. Rxb6 Nc4 51. Rb8+ Kh7 52. a4 g6 53. Rb5 gxf5 54. Rxf5 Kg6 55. Rc5 Nb2
56. Rxa5 Kf6 57. Ra8 Ke6 58. a5 Nc4 59. a6 Kd7 60. a7 Nb6  1-0

[Event "5. Bamberg Open B"]
[Site "Bamberg"]
[Date "2023.07.30"]
[Round "7"]
[Board "2"]
[White "Timm, Jasper"]
[Black "Billerbeck, Nick"]
[Result "1-0"]
[WhiteElo "1701"]
[BlackElo "1643"]
[PlyCount "91"]
[EventDate "2023.07.26"]
[EventRounds "7"]
[EventCountry "GER"]

1. Nf3 d5 2. e3 c5 3. b3 Nf6 4. Bb2 Nc6 5. Bb5 Bd7 6. O-O e6 7. d3 Be7 8. Nbd2 O-O
9. Bxc6 Bxc6 10. Ne5 Rc8 11. f4 Nd7 12. Ndf3 Nxe5 13. Nxe5 Bf6 14. Qg4 d4 15. Nxc6
Rxc6 16. e4 e5 17. f5 Bg5 18. Bc1 Bxc1 19. Raxc1 Rh6 20. Rf3 Qh4 21. Qxh4 Rxh4 22.
f6 Rh6 23. Rcf1 g6 24. c3 Rc8 25. Rc1 Rh5 26. g3 Rg5 27. h4 Rg4 28. cxd4 exd4 29.
Kg2 a5 30. Kh3 h5 31. Rf4 Rxf4 32. gxf4 Rc6 33. e5 b5 34. Kg3 Kf8 35. f5 gxf5 36.
Kf4 Ke8 37. Kxf5 Kd7 38. Rg1 c4 39. bxc4 bxc4 40. dxc4 Rxc4 41. Rg7 Ke8 42. Rg8+
Kd7 43. e6+ fxe6+ 44. Kg6 d3 45. f7 Rg4+ 46. Kxh5  1-0

[Event "5. Bamberg Open B"]
[Site "Bamberg"]
[Date "2023.07.30"]
[Round "7"]
[Board "3"]
[White "Gebhardt, Christian"]
[Black "Perrin, Brent"]
[Result "0-1"]
[WhiteElo "1869"]
[BlackElo "1748"]
[PlyCount "68"]
[EventDate "2023.07.26"]
[EventRounds "7"]
[EventCountry "GER"]

1. e4 d5 2. e5 c5 3. g3 Nc6 4. f4 Bf5 5. Bg2 e6 6. Nf3 Nge7 7. a3 Qb6 8. d3 Rc8 9.
Nbd2 h6 10. Qe2 Nd4 11. Nxd4 cxd4 12. Nf3 Nc6 13. h3 Be7 14. b3 Qa5+ 15. Kf1 Nb4
16. Bd2 Qa6 17. Bxb4 Bxb4 18. Nxd4 Rxc2 19. Nxf5 Rxe2 20. Kxe2 exf5 21. axb4 Qb5
22. Rxa7 O-O 23. Rc1 Qb6 24. Ra4 Qd4 25. Rc2 Rd8 26. b5 Qg1 27. Bf3 Qh2+ 28. Kd1
Qxg3 29. Be2 Qg1+ 30. Kd2 d4 31. Rc7 Qe3+ 32. Kd1 Qxf4 33. b6 Qxe5 34. Rxb7 Re8  0-1

[Event "5. Bamberg Open B"]
[Site "Bamberg"]
[Date "2023.07.30"]
[Round "7"]
[Board "4"]
[White "Rode, Stefan"]
[Black "Kotitschke, Karlheinz"]
[Result "1-0"]
[WhiteElo "1734"]
[BlackElo "1856"]
[PlyCount "35"]
[EventDate "2023.07.26"]
[EventRounds "7"]
[EventCountry "GER"]

1. e4 e6 2. d3 d5 3. Nd2 e5 4. g3 Be6 5. Bg2 c6 6. Ngf3 Nd7 7. O-O Bd6 8. d4 f6 9.
Re1 Nh6 10. exd5 cxd5 11. c4 Nf7 12. cxd5 Bxd5 13. Ne4 Bxe4 14. Rxe4 f5 15. Re1 e4
16. Nh4 Qf6 17. Nxf5 Qxf5 18. Bxe4  1-0

[Event "5. Bamberg Open B"]
[Site "Bamberg"]
[Date "2023.07.30"]
[Round "7"]
[Board "5"]
[White "Delikatnyi, Denys"]
[Black "Kiesendahl, Roland"]
[Result "1/2-1/2"]
[WhiteElo "1614"]
[BlackElo "1797"]
[PlyCount "66"]
[EventDate "2023.07.26"]
[EventRounds "7"]
[EventCountry "GER"]

1. e4 c5 2. c3 Nf6 3. e5 Nd5 4. Nf3 Nc6 5. d4 cxd4 6. cxd4 d6 7. Bc4 Nb6 8. Bb3 dxe5
9. Nxe5 Nxe5 10. dxe5 Qxd1+ 11. Bxd1 Bd7 12. O-O Bc6 13. Bb3 e6 14. Bg5 Be7 15. Bxe7
Kxe7 16. Nc3 Rhd8 17. Rad1 Rxd1 18. Rxd1 Rd8 19. Rxd8 Kxd8 20. f4 Ke7 21. Kf2 a6
22. g3 Nd7 23. Ke3 h5 24. Kd4 g6 25. Bc2 Kd8 26. Be4 Nb8 27. a4 Kc7 28. b4 Bxe4 29.
Nxe4 Nc6+ 30. Kc4 Nd8 31. Nd6 b6 32. a5 Kc6 33. h3 Kc7  1/2-1/2

[Event "5. Bamberg Open B"]
[Site "Bamberg"]
[Date "2023.07.30"]
[Round "7"]
[Board "6"]
[White "Heiler, Karl"]
[Black "Averkova, Olena"]
[Result "0-1"]
[WhiteElo "1797"]
[BlackElo "1743"]
[PlyCount "20"]
[EventDate "2023.07.26"]
[EventRounds "7"]
[EventCountry "GER"]

1. e4 d5 2. exd5 Qxd5 3. d4 Nc6 4. Nf3 Bg4 5. Be2 O-O-O 6. Be3 e6 7. O-O Bd6 8. c4
Qh5 9. h3 Bxh3 10. Ng5 Bg4  0-1

[Event "5. Bamberg Open B"]
[Site "Bamberg"]
[Date "2023.07.30"]
[Round "7"]
[Board "7"]
[White "Kroener, Marco Alexander"]
[Black "Schulze, Tim"]
[Result "1/2-1/2"]
[WhiteElo "1535"]
[BlackElo "1695"]
[PlyCount "56"]
[EventDate "2023.07.26"]
[EventRounds "7"]
[EventCountry "GER"]

1. e4 c6 2. Nf3 d5 3. exd5 cxd5 4. Ne5 Nc6 5. d4 Nxe5 6. dxe5 e6 7. Bd3 Ne7 8. O-O
Nc6 9. Re1 Qc7 10. f4 Nb4 11. Bb5+ Bd7 12. Bxd7+ Qxd7 13. a3 Nc6 14. Be3 Be7 15.
Nd2 O-O 16. Qg4 f6 17. exf6 Bxf6 18. Bc5 Bxb2 19. Rab1 Bd4+ 20. Bxd4 Nxd4 21. c3
Nf5 22. Qe2 Rae8 23. Nb3 Qc7 24. Qb5 Qxc3 25. Qxb7 Rb8 26. Qd7 Nd4 27. Nxd4 Qxd4+
28. Kh1 Qf6  1/2-1/2

[Event "5. Bamberg Open B"]
[Site "Bamberg"]
[Date "2023.07.30"]
[Round "7"]
[Board "8"]
[White "Wagner, Alexander"]
[Black "Thurn, Stephan"]
[Result "1-0"]
[WhiteElo "1492"]
[BlackElo "1539"]
[PlyCount "83"]
[EventDate "2023.07.26"]
[EventRounds "7"]
[EventCountry "GER"]

1. Nf3 f5 2. d3 Nc6 3. e4 e5 4. exf5 Nf6 5. d4 e4 6. Ne5 d5 7. Bb5 Bd7 8. Nc3 Bb4
9. Nxd7 Qxd7 10. O-O Qxf5 11. f3 Bxc3 12. bxc3 Qh5 13. fxe4 Qxd1 14. Rxd1 Nxe4 15.
Re1 Kd7 16. Rxe4 dxe4 17. d5 Rae8 18. Be3 Re5 19. dxc6+ bxc6 20. Rd1+ Ke7 21. Bxc6
Rd8 22. Rxd8 Kxd8 23. Bxa7 e3 24. Kf1 Rf5+ 25. Ke1 Ra5 26. Bxe3 Rxa2 27. Kd2 Ke7
28. Bd4 g6 29. Bd5 Ra5 30. c4 Kd6 31. Bg8 Rh5 32. h3 c6 33. c5+ Ke7 34. Be3 Kf6 35.
Ke2 Rh4 36. Kf3 h5 37. Bf4 g5 38. Be3 g4+ 39. hxg4 Rxg4 40. Bh7 Ke5 41. c3 Rg7 42.
Bd4+  1-0

[Event "5. Bamberg Open B"]
[Site "Bamberg"]
[Date "2023.07.30"]
[Round "7"]
[Board "9"]
[White "May, Alexander"]
[Black "Heer, Andreas"]
[Result "1/2-1/2"]
[WhiteElo "1670"]
[BlackElo "1352"]
[PlyCount "54"]
[EventDate "2023.07.26"]
[EventRounds "7"]
[EventCountry "GER"]

1. d4 f5 2. Bg5 g6 3. e3 Bg7 4. Nf3 d6 5. Nbd2 Nf6 6. c3 Nbd7 7. Qb3 c6 8. Bc4 d5
9. Be2 Ne4 10. c4 Nxg5 11. Nxg5 Nf6 12. cxd5 Nxd5 13. Ngf3 Qb6 14. Bc4 Qxb3 15. Bxb3
e6 16. Nc4 Ke7 17. Nfe5 Nb6 18. O-O-O Nxc4 19. Bxc4 Bd7 20. h4 Be8 21. Rd3 c5 22.
Rb3 b6 23. Bb5 Bxb5 24. Rxb5 cxd4 25. exd4 Rac8+ 26. Kd2 Rhd8 27. Ke3 Bxe5  1/2-1/2

[Event "5. Bamberg Open B"]
[Site "Bamberg"]
[Date "2023.07.30"]
[Round "7"]
[Board "11"]
[White "Myllari, Mikko"]
[Black "Hotman, Cagan Arhan"]
[Result "0-1"]
[WhiteElo "1707"]
[BlackElo "1587"]
[PlyCount "64"]
[EventDate "2023.07.26"]
[EventRounds "7"]
[EventCountry "GER"]

1. b3 d5 2. Bb2 Bf5 3. e3 e6 4. f4 Nf6 5. Nf3 c5 6. Ne5 a6 7. Bd3 Bxd3 8. cxd3 d4
9. O-O Nc6 10. Qf3 Rc8 11. Na3 g6 12. Nac4 Bg7 13. Nxc6 Rxc6 14. Rac1 Nd7 15. exd4
cxd4 16. Ba3 Bf8 17. Bxf8 Kxf8 18. Ne5 Rc7 19. Nxd7+ Qxd7 20. Rc4 Kg7 21. Rfc1 Rhc8
22. Qe4 f6 23. Kf2 Rxc4 24. dxc4 a5 25. c5 b6 26. c6 Qd6 27. Ke2 Rc7 28. Kd3 e5 29.
fxe5 fxe5 30. h4 Re7 31. Kc4 Qc5+ 32. Kd3 Qxc1  0-1

[Event "5. Bamberg Open B"]
[Site "Bamberg"]
[Date "2023.07.30"]
[Round "7"]
[Board "12"]
[White "Buettner, Anton"]
[Black "Koehler, Michael"]
[Result "1-0"]
[WhiteElo "1424"]
[BlackElo "1653"]
[PlyCount "123"]
[EventDate "2023.07.26"]
[EventRounds "7"]
[EventCountry "GER"]

1. e4 e6 2. d4 d5 3. e5 c5 4. c3 Nc6 5. Be3 cxd4 6. cxd4 Qb6 7. Qd2 Nge7 8. Nc3 Nf5
9. Nf3 Bd7 10. Bb5 Be7 11. O-O O-O 12. Bxc6 Bxc6 13. a3 Nxe3 14. fxe3 f6 15. h3 fxe5
16. Nxe5 Bd6 17. Nf3 Rf6 18. Ng5 Rg6 19. Nf7 Be7 20. Ne5 Rf6 21. Ng4 Rxf1+ 22. Rxf1
Qc7 23. Ne5 Rf8 24. Rxf8+ Bxf8 25. Qf2 Bd6 26. Nf3 Bg3 27. Qc2 Qe7 28. Ne2 Bd6 29.
Nc1 Be8 30. Nd3 Bg6 31. Qc3 Bxd3 32. Qxd3 Bg3 33. Ne5 Qc7 34. Qd2 Bxe5 35. dxe5 Qxe5
36. Qc1 h6 37. Qc8+ Kh7 38. Qc1 Qe4 39. Qc3 e5 40. Kf2 d4 41. exd4 exd4 42. Qd2 d3
43. Qe3 Qc4 44. Qd2 Qd4+ 45. Kf3 b5 46. Qc3 Qxc3 47. bxc3 Kg6 48. Ke3 Kf5 49. Kxd3
Kf4 50. Kd4 Kg3 51. Kc5 Kxg2 52. Kxb5 Kxh3 53. c4 g5 54. c5 g4 55. c6 g3 56. c7 g2
57. c8=Q+ Kh2 58. Qc7+ Kh3 59. Qd7+ Kh2 60. Qd6+ Kg1 61. Qxh6 Kf1 62. Qf4+  1-0

[Event "5. Bamberg Open B"]
[Site "Bamberg"]
[Date "2023.07.30"]
[Round "7"]
[Board "13"]
[White "Pitz, Marko"]
[Black "Martin Fernandez, Rafael"]
[Result "0-1"]
[WhiteElo "1663"]
[BlackElo "1643"]
[PlyCount "110"]
[EventDate "2023.07.26"]
[EventRounds "7"]
[EventCountry "GER"]

1. d4 Nf6 2. f3 d5 3. e4 dxe4 4. Nc3 Bf5 5. fxe4 Nxe4 6. Nf3 e6 7. a3 Nxc3 8. bxc3
Be7 9. g3 O-O 10. Bg2 c6 11. O-O Nd7 12. Be3 Qa5 13. Qe1 Bxc2 14. Bd2 Qa6 15. Rf2
Bg6 16. Ng5 Nf6 17. Nxe6 fxe6 18. Qxe6+ Rf7 19. Bg5 Raf8 20. c4 Kh8 21. Bf1 Qa5 22.
h4 Qc3 23. Rd1 Qxg3+ 24. Rg2 Qf3 25. Be2 Qf5 26. Qe3 Qe4 27. Rg3 Qxe3+ 28. Rxe3 Ne4
29. Bxe7 Rxe7 30. Bd3 Ree8 31. Rde1 Nf6 32. Bxg6 hxg6 33. Re7 Kg8 34. d5 Rxe7 35.
Rxe7 Rf7 36. Re5 cxd5 37. cxd5 Rd7 38. Rg5 Kf7 39. d6 Rxd6 40. Rc5 Rc6 41. Re5 Rc3
42. Ra5 a6 43. Ra4 Ke6 44. Kf1 Ke5 45. Ke2 Ne4 46. Rb4 b5 47. a4 Rc4 48. Rb3 Rxa4
49. Ke3 Nd6 50. Rc3 Nc4+ 51. Kf2 Ra2+ 52. Kg1 Kf4 53. Rb3 Nd2 54. Rd3 Nf3+ 55. Kf1
Kg3  0-1

[Event "5. Bamberg Open B"]
[Site "Bamberg"]
[Date "2023.07.30"]
[Round "7"]
[Board "15"]
[White "Bodling, Florian"]
[Black "Lasschuit, Rene"]
[Result "0-1"]
[WhiteElo "1712"]
[BlackElo "1612"]
[PlyCount "66"]
[EventDate "2023.07.26"]
[EventRounds "7"]
[EventCountry "GER"]

1. Nf3 Nf6 2. g3 g6 3. Bg2 Bg7 4. d3 d5 5. O-O O-O 6. Nbd2 Nc6 7. c3 e5 8. b4 a6
9. e4 h6 10. Qb3 Be6 11. Qc2 Qd7 12. a4 Rfd8 13. Ba3 dxe4 14. Nxe4 Qxd3 15. Qxd3
Rxd3 16. Nc5 Rxc3 17. Bb2 Rc2 18. Bxe5 Nxe5 19. Nxe5 Bd5 20. Rac1 Rxc1 21. Rxc1 Bxg2
22. Kxg2 b6 23. Ncd7 Nd5 24. Nc6 Bc3 25. Kf3 Bg7 26. Ke4 Nc3+ 27. Kd3 Nxa4 28. Ne7+
Kh7 29. Rxc7 a5 30. b5 Nb2+ 31. Kc2 a4 32. Nxb6 Ra5 33. Nbd5 a3  0-1